000 00452nam a2200169Ia 4500
008 090711s9999 xx 000 0 und d
082 _b48933
100 _aखेडकर सुशीला
245 _aफुलोरा
260 _c1984
300 _a195
600 _aखेडकर सुशीला
630 _aफुलोरा
700 _aखेडकर सुशीला
730 _aफुलोरा
942 _cBOOK
999 _c309495
_d309495